[Event "South African op"]
[Site "Durban"]
[Date "2017.07.15"]
[Round "3"]
[White "Tlale, Tshepang"]
[Black "Kabi, Thato"]
[Result "1/2-1/2"]
[WhiteElo "1927"]
[BlackElo "1752"]
[PlyCount "45"]
[EventDate "2017.07.14"]
[EventType "swiss"]
[EventRounds "11"]
[EventCountry "RSA"]
[SourceTitle "EXT 2018"]
[Source "ChessBase"]
[SourceDate "2017.10.13"]
[SourceVersion "1"]
[SourceVersionDate "2017.10.13"]
[SourceQuality "1"]

1. d4 d5 2. c4 c6 3. Nf3 a6 4. e3 Nf6 5. Bd3 Bg4 6. Nbd2 e6 7. 0-0 Bd6 8. Qc2 Nbd7 9. b3 0-0 10. Bb2 Bxf3 11. Nxf3 Qc7 12. c5 Be7 13. b4 a5 14. a3 axb4 15. axb4 b5 16. Ng5 h6 17. Nh7 Rfc8 18. Rxa8 Rxa8 19. Nxf6+ Bxf6 20. Ra1 Rxa1+ 21. Bxa1 Qa7 22. Bc3 Qa3 23. g3 1/2-1/2

[Event "Witwatersrand op"]
[Site "Witwatersrand"]
[Date "2017.07.05"]
[Round "5.8"]
[White "Kabi, Thato"]
[Black "King, Rohan Henry"]
[Result "1-0"]
[WhiteElo "1682"]
[BlackElo "1632"]
[PlyCount "51"]
[EventDate "2017.07.03"]
[EventType "swiss"]
[EventRounds "9"]
[EventCountry "RSA"]
[SourceTitle "EXT 2018"]
[Source "ChessBase"]
[SourceDate "2017.10.13"]
[SourceVersion "1"]
[SourceVersionDate "2017.10.13"]
[SourceQuality "1"]

1. e4 c5 2. d4 cxd4 3. c3 dxc3 4. Nxc3 Nc6 5. Nf3 g6 6. Bc4 Bg7 7. 0-0 Nf6 8. e5 Ng4 9. Bf4 Ngxe5 10. Nxe5 Nxe5 11. Bxe5 Bxe5 12. Qd5 Bxh2+ 13. Kxh2 0-0 14. Rh1 e6 15. Qd4 e5 16. Qe4 d6 17. Kg1 Bf5 18. Qe3 Qf6 19. Rd1 Rad8 20. Nd5 Qg7 21. Qg5 h5 22. Ne7+ Kh8 23. Nxf5 gxf5 24. Rxh5+ Kg8 25. Qxf5 b5 26. Bd5 1-0

[Event "Johannesburg PSS Capablanca-C"]
[Site "Johannesburg"]
[Date "2017.05.01"]
[Round "9"]
[White "Kabi, Thato"]
[Black "Modi, Yashil"]
[Result "0-1"]
[WhiteElo "1778"]
[BlackElo "1626"]
[PlyCount "98"]
[EventDate "2017.04.26"]
[EventType "tourn"]
[EventRounds "9"]
[EventCountry "RSA"]
[SourceTitle "CBM 178 Extra"]
[Source "ChessBase"]
[SourceDate "2017.06.22"]
[SourceVersion "1"]
[SourceVersionDate "2017.06.22"]
[SourceQuality "1"]

1. e4 e5 2. Nf3 Nc6 3. d4 exd4 4. Bc4 Nf6 5. e5 d5 6. Bb5 Ne4 7. Nxd4 Bd7 8. Bxc6 bxc6 9. 0-0 Bc5 10. Be3 0-0 11. f3 Ng5 12. f4 Ne4 13. Nd2 Nxd2 14. Qxd2 Qe7 15. c3 f6 16. Qf2 Bb6 17. exf6 Qxf6 18. Rae1 c5 19. Nf3 Bb5 20. Ne5 Bxf1 21. Rxf1 Qd6 22. Qg3 d4 23. cxd4 cxd4 24. Bd2 d3+ 25. Kh1 Qxe5 26. Bc3 Bd4 27. Qxd3 Rxf4 28. Rxf4 Qxf4 29. Bxd4 Rd8 30. Qb3+ Qf7 31. Qa4 Qd7 32. Qxd7 Rxd7 33. Bxa7 Rd1+ 34. Bg1 Rb1 35. b3 Ra1 36. h3 Rxa2 37. b4 Rb2 38. Bc5 Kf7 39. Kh2 Ke6 40. h4 Kd5 41. h5 Kc4 42. Bf8 Rxb4 43. Bxg7 Kd5 44. Kh3 c5 45. g4 c4 46. g5 c3 47. g6 hxg6 48. hxg6 c2 49. Bh6 Rb7 0-1

[Event "Johannesburg PSS Capablanca-C"]
[Site "Johannesburg"]
[Date "2017.04.30"]
[Round "8"]
[White "Tembo, Epah"]
[Black "Kabi, Thato"]
[Result "1-0"]
[WhiteElo "1819"]
[BlackElo "1778"]
[PlyCount "85"]
[EventDate "2017.04.26"]
[EventType "tourn"]
[EventRounds "9"]
[EventCountry "RSA"]
[SourceTitle "CBM 178 Extra"]
[Source "ChessBase"]
[SourceDate "2017.06.22"]
[SourceVersion "1"]
[SourceVersionDate "2017.06.22"]
[SourceQuality "1"]

1. c4 e5 2. g3 Nc6 3. Bg2 f5 4. Nc3 Nf6 5. a3 d6 6. e3 g6 7. Nge2 Bg7 8. 0-0 0-0 9. b4 Be6 10. b5 Na5 11. d3 Rb8 12. Rb1 b6 13. Bd2 Nb7 14. Qc2 Kh8 15. Na2 Bc8 16. Nb4 Na5 17. Na6 Bxa6 18. bxa6 Nd7 19. Bxa5 bxa5 20. Rxb8 Nxb8 21. Bb7 Qf6 22. Qa4 d5 23. Qxa5 e4 24. dxe4 dxc4 25. Qxc7 Nxa6 26. Qxc4 Nb8 27. exf5 Qxf5 28. Nf4 Re8 29. a4 Nd7 30. Qb5 Re5 31. Qd3 Qf7 32. Bc6 Nf8 33. Rd1 g5 34. Bd5 Qe8 35. Ng2 Qxa4 36. f4 gxf4 37. exf4 Re7 38. f5 Bf6 39. Nf4 Qa5 40. Nh5 Re1+ 41. Kg2 Rxd1 42. Qxd1 Qb6 43. Qg4 1-0

[Event "Johannesburg PSS Capablanca-C"]
[Site "Johannesburg"]
[Date "2017.04.29"]
[Round "5"]
[White "Kabi, Thato"]
[Black "Masiya, Mfundo"]
[Result "0-1"]
[WhiteElo "1778"]
[BlackElo "1462"]
[PlyCount "60"]
[EventDate "2017.04.26"]
[EventType "tourn"]
[EventRounds "9"]
[EventCountry "RSA"]
[SourceTitle "CBM 178 Extra"]
[Source "ChessBase"]
[SourceDate "2017.06.22"]
[SourceVersion "1"]
[SourceVersionDate "2017.06.22"]
[SourceQuality "1"]

1. e4 c5 2. d4 cxd4 3. c3 dxc3 4. Nxc3 Nc6 5. Nf3 e6 6. Bc4 a6 7. 0-0 b5 8. Bb3 Nge7 9. Bg5 h6 10. Bh4 g5 11. Bg3 Bg7 12. Nd5 exd5 13. exd5 Na5 14. d6 Ng6 15. Re1+ Kf8 16. Qd5 Nxb3 17. axb3 Bb7 18. Qxb7 Bxb2 19. Ra2 Bc3 20. Re3 b4 21. Rae2 Kg7 22. Qd5 Qf6 23. h3 Rab8 24. Qc4 h5 25. Nh4 gxh4 26. Rf3 Qg5 27. Rxf7+ Kh6 28. Bf4 Nxf4 29. Rxf4 Rhg8 30. f3 Rbc8 0-1